OPTIMAZATION OF STOCHASTIC DISCRETE SYSTEMS AND CONTROL ON COMPLEX NETWORKS (Record no. 1309718)

MARC details
000 -LEADER
fixed length control field 00548nam a22001817a 4500
003 - CONTROL NUMBER IDENTIFIER
control field OSt
005 - DATE AND TIME OF LATEST TRANSACTION
control field 20250507162252.0
008 - FIXED-LENGTH DATA ELEMENTS--GENERAL INFORMATION
fixed length control field 250429b |||||||| |||| 00| 0 eng d
020 ## - INTERNATIONAL STANDARD BOOK NUMBER
International Standard Book Number 9783319118321
040 ## - CATALOGING SOURCE
Transcribing agency RDA
100 ## - MAIN ENTRY--PERSONAL NAME
Personal name LOZOVANU,DMITRII.,
Relator term AUTHOR
9 (RLIN) 753377
245 ## - TITLE STATEMENT
Title OPTIMAZATION OF STOCHASTIC DISCRETE SYSTEMS AND CONTROL ON COMPLEX NETWORKS
Statement of responsibility, etc. By Dmitrii Lozovanu and Stefan Pickl
260 ## - PUBLICATION, DISTRIBUTION, ETC.
Place of publication, distribution, etc. USA
Name of publisher, distributor, etc. Springer
Date of publication, distribution, etc. 2015
300 ## - PHYSICAL DESCRIPTION
Extent xix,400P
650 ## - SUBJECT ADDED ENTRY--TOPICAL TERM
Source of heading or term Networks
700 ## - ADDED ENTRY--PERSONAL NAME
Personal name Pickl, Stefan.,
Relator term Author
9 (RLIN) 753378
942 ## - ADDED ENTRY ELEMENTS (KOHA)
Source of classification or shelving scheme Colon Classification (CC)
Koha item type General Books
Suppress in OPAC No
Holdings
Withdrawn status Lost status Source of classification or shelving scheme Damaged status Not for loan Home library Current library Shelving location Date acquired Cost, normal purchase price Total Checkouts Full call number Barcode Date last seen Price effective from Koha item type
    Colon Classification (CC)     Faculty of Management Library Faculty of Management Library General Stacks 2017-11-06 9837.64   B2893 Q5 ML1634544 2025-04-29 2025-04-29 General Books
Copyright @ Delhi University Library System